| 000 | 00315 a2200133 4500 | ||
|---|---|---|---|
| 001 | 39763 | ||
| 082 | _a621.3192 IRW | ||
| 090 |
_c24775 _d24775 |
||
| 100 | _aIrwin J David | ||
| 245 | _aBasic Engineering circuit analysis, 5/e | ||
| 250 | _a5 | ||
| 260 |
_aUSA _bPrentice Hall, USA _c1996 |
||
| 300 | _a915 p. | ||
| 942 |
_aNUST-CAE _k621.3192 IRW |
||
| 999 |
_c274836 _d274836 |
||